| 000 | 00643nam a22002177a 4500 | ||
|---|---|---|---|
| 003 | OSt | ||
| 005 | 20220107122720.0 | ||
| 008 | 130817b xxu||||| |||| 00| 0 eng d | ||
| 020 | _a9780521696920 | ||
| 040 | _cIIITM-K | ||
| 082 | _a519.3 GUR/I | ||
| 100 |
_aGura, Ein-Ya _91730 |
||
| 245 |
_aInsights into game theory: _bAn alternative mathematical experience _cby Ein-Ya Gura, Michael B Maschler |
||
| 260 |
_aUK, _bCambidge University Press, _c2008. |
||
| 300 | _axiv, 236p. | ||
| 650 |
_aCOMPUTER SCIENCE _91731 |
||
| 650 |
_aMATHEMATICS _91732 |
||
| 650 |
_aGAME THEORY _91733 |
||
| 700 |
_aMaschler, Michael B _91734 |
||
| 942 |
_2ddc _cBK |
||
| 999 |
_c3217 _d3217 |
||